00423nam a22001337a 450000500170000000800410001704100130005808200120007110000120008324500910009526000460018630000310023265000260026320240717133217.0240717b |||||||| |||| 00| 0 eng d aEnglish  a349 SOU lEnglish aSouth African Law Reports : bwith which amalgamated The All South Africa Law Reports  aCape Town : bJuta and Company Ltd,c1961 bxiii, 833 pages; c26 cm.  aLegal practice bLaw